|
|
|
|
| LEADER |
01374nam a2200229 i 4500 |
| 003 |
GR-PaULI |
| 005 |
20241120141137.0 |
| 008 |
200904s1995 gr a|||g |||| 00| 0 gre d |
| 952 |
|
|
|0 0
|1 0
|2 ddc
|4 0
|6 R_791_430000000000000_9_KIN
|7 0
|9 243111
|a THST
|b THST
|d 2020-09-04
|i 010417
|l 0
|o R 791.430 9 KIN
|p 025000266899
|r 2020-09-04 00:00:00
|t 1
|v 2020.00
|w 2020-09-04
|y BKN
|
| 999 |
|
|
|c 146703
|d 146703
|
| 040 |
|
|
|a GR-PaULI
|b gre
|c GR-PaULI
|e AACR2
|
| 082 |
0 |
4 |
|2 23
|a 791.430 9
|
| 245 |
0 |
0 |
|a Κινηματογράφος :
|b η μεγάλη παρέλαση /
|c Δήμος Αθηναίων.
|
| 260 |
|
|
|a Αθήνα :
|b Δήμος Αθηναίων Πνευματικό Κέντρο,
|c 1995.
|
| 300 |
|
|
|a [48] σ. :
|b εικ. ;
|c 22 εκ.
|
| 500 |
|
|
|a Ο κατάλογος εκδόθηκε με την ευκαιρία της έκθεσης "Κινηματογράφος: η μεγάλη παρέλαση" που διοργανώθηκε στα πλαίσια του εορτασμού για τα 100 Χρόνια του Κινηματογράφου, Νοέμβριος 1995.
|
| 650 |
|
4 |
|9 23016
|a Κινηματογράφος
|x Ιστορία
|
| 650 |
|
4 |
|9 171819
|a Κινηματογράφος
|x Εκθέσεις
|
| 710 |
2 |
|
|9 8055
|a Δήμος Αθηναίων
|b Πνευματικό Κέντρο
|
| 710 |
1 |
|
|a Υπουργείο Πολιτισμού
|9 182663
|
| 942 |
|
|
|2 ddc
|c BKN
|
| 998 |
|
|
|c ΜΑΝΙΑ
|d 2020-09
|